Princípy spoločenskej zodpovednosti podniku

Vymedzenie princípu spoločenskej zodpovednosti podniku ako alternatívy k smerniciam a normám spoločenskej zodpovednosti. Charakteristika princípov spoločenskej zodpovednosti v oblasti obsahu, objektu a miery spoločenskej zodpovednosti podniku.

Guardado en:
Detalles Bibliográficos
Autor principal: Vallušová, Anna
Formato: Capítulo de libro
Lenguaje:eslovaco
Materias:
Etiquetas: Agregar Etiqueta
Sin Etiquetas, Sea el primero en etiquetar este registro!

MARC

LEADER 00000nla a2200000 4500
001 0156808
005 20221103131635.6
041 0 |a slo 
044 |a SK 
245 1 0 |a Princípy spoločenskej zodpovednosti podniku  |c Anna Vallušová 
520 |a Vymedzenie princípu spoločenskej zodpovednosti podniku ako alternatívy k smerniciam a normám spoločenskej zodpovednosti. Charakteristika princípov spoločenskej zodpovednosti v oblasti obsahu, objektu a miery spoločenskej zodpovednosti podniku. 
610 2 0 |a zodpovednosť podniku spoločenská 
610 2 0 |a prostredie podnikateľské 
610 2 0 |a politika podnikania 
610 2 0 |a rozhodovanie strategické 
610 2 0 |a rozvoj trvalo udržateľný 
100 1 |a Vallušová, Anna